Módulo educacional sobre problemas ambientales en las ciudades

Guardat en:
Dades bibliogràfiques
Autor corporatiu: UNESCO (Autor)
Format: Llibre
Idioma:espanyol
Publicat: Santiago UNESCO-OREALC 1988
Col·lecció:Serie educación ambiental, 4
Matèries:
Etiquetes: Afegir etiqueta
Sense etiquetes, Sigues el primer a etiquetar aquest registre!

MARC

LEADER 00000nam a2200000 a 4500
001 UCY1628
003 CL-VaPUC
008 940909e19880000CL |||||||||||||||||spa|d
082 0 4 |a 372.357  |b UNE  |2 21 
110 2 |a UNESCO  |e author  |9 329645 
245 1 0 |a Módulo educacional sobre problemas ambientales en las ciudades 
300 |a 238 p 
942 |c BK 
945 |d 19940909 00:00:00  |a rbrito 
260 |a Santiago  |b UNESCO-OREALC  |c 1988 
650 0 |a Educación ambiental  |9 262920 
583 |a last modification  |c 19940909 00:00:00  |k Rodrigo Vera 
490 0 |a Serie educación ambiental, 4 
999 |c 230277  |d 230275 
952 |0 0  |1 0  |4 0  |6 372_357000000000000_UNE_1988  |7 0  |8 P  |9 232414  |a BIBEDU  |b BIBEDU  |c BIBEDU_PB  |d 2019-11-15  |i 3517470  |o 372.357 UNE 1988  |p 3517470  |r 2024-01-25  |w 2019-11-15  |y BK  |k BME